000 00650nam a2200217Ia 4500
003 GCL
008 140319s9999 xx 000 0 ara d
040 _aGCL /
_cGCL
082 0 4 _a296.38
_bق د
100 1 _aقدرى حفنى
245 1 0 _aدارسة فى الشخصية الاسرائيلية الاشكناذيم /
_cقدرى حفنى
260 _a[S.N] :
_bمركز بحوث الشرق الاوسط ،
_c1975
300 _a350
490 _a
650 0 4 _aالمجتمع
650 0 4 _aالاحوال الاجتماعية
650 0 4 _aاسرائيل
650 0 4 _aالشخصية
650 0 4 _aالاشكنازيم
942 _2ddc
_cBK
999 _c31589
_d31589